Time marker for the late Pleistocene in peninsular Malaysia : study of volcanic ash deposits /
Saved in:
| 主要作者: | |
|---|---|
| 格式: | Thesis 图书 |
| 语言: | English |
| 出版: |
2014
|
| 主题: | |
| 在线阅读: | http://studentsrepo.um.edu.my/id/eprint/4919 |
| 标签: |
添加标签
没有标签, 成为第一个标记此记录!
|
| LEADER | 01348cam a2200337 i 4500 | ||
|---|---|---|---|
| 001 | u1009636 | ||
| 003 | SIRSI | ||
| 005 | 201502041016 | ||
| 008 | 150204s2014 my a t m 000 0 eng | ||
| 040 | |a UMM |d AUM |e rda | ||
| 090 | |a QE3 |b UM 2014 Norh | ||
| 100 | 0 | |a Norishah Hashim, |e author | |
| 245 | 1 | 0 | |a Time marker for the late Pleistocene in peninsular Malaysia : |b study of volcanic ash deposits / |c Norishah binti Hashim |
| 264 | 1 | |c 2014 | |
| 264 | 4 | |c 2014 | |
| 300 | |a vii, 107 leaves : |b illustrations ; |c 30 cm | ||
| 336 | |a text |2 rdacontent | ||
| 337 | |a unmediated |2 rdamedia | ||
| 338 | |a volume |2 rdacarrier | ||
| 502 | |b M.Sc. |c Jabatan Geologi, Fakulti Sains, Universiti Malaya, |d 2014. | ||
| 504 | |a Bibliography: leaves 81-86 | ||
| 530 | |a Also issued in CD. | ||
| 650 | 0 | |a Historical geology | |
| 650 | 0 | |a Paleoecology |y Pleistocene |z Malaysia | |
| 650 | 0 | |a Volcanic ash, tuff, etc. |z Malaysia | |
| 710 | 2 | |a Universiti Malaya. |b Fakulti Sains. |e degree granting institution. | |
| 856 | 4 | 1 | |u http://studentsrepo.um.edu.my/id/eprint/4919 |
| 900 | |a NSR | ||
| 596 | |a 1 25 | ||
| 999 | |a QE3 UM 2014 NORH |w LC |c 1 |i A516123757 |d 1/3/2017 |e 1/3/2017 |f 14/4/2016 |g 1 |l STACKS |m P01UTAMA |n 4 |r Y |s Y |t TESIS |u 13/4/2016 |1 STEM | ||
| 999 | |a QE3 UM 2014 NORH |w LC |c 1 |i A516811067 |f 8/3/2023 |g 1 |l STACKS |m P25UMARCHI |r N |s Y |t CD |u 19/4/2017 |1 STEM |2 GIFT |o .STAFF. MST-CD2006 | ||
